| 000 | 00734nam a2200265Ia 4500 | ||
|---|---|---|---|
| 003 | OSt | ||
| 005 | 20220918174553.0 | ||
| 006 | a|||||r|||| 00| 0 | ||
| 007 | ta | ||
| 008 | 220917b |||||||| |||| 00| 0 eng d | ||
| 024 | _a12,885 | ||
| 037 | _cTextual | ||
| 040 |
_aARTS _cARTS _beng |
||
| 041 |
_2eng _aeng |
||
| 082 | _a/\73v6.M, L6 | ||
| 100 |
_aMartin B G _950936 |
||
| 245 | 0 | _aMuslim brotherhoods in nineteenth century Africa | |
| 260 |
_aCambridge _bCUP _c1976 |
||
| 300 |
_axiii,267p. maps _ccm. |
||
| 490 | _aAfrican studies series; 18 | ||
| 500 | _aBibliograhy 238-46; Glossary 247-249 | ||
| 650 | _aSPIRITUALISM | ||
| 942 |
_h/\73v6.M, L6 _cTEXL _2CC |
||
| 999 |
_c153722 _d153722 |
||